| 000 | 00933nac a22002771i 4500 | ||
|---|---|---|---|
| 003 | EG-ScBUE | ||
| 005 | 20230103121225.0 | ||
| 008 | 221213s2006 vraae f 001 0 eng d | ||
| 020 | _a1864701439 | ||
| 020 | _a9781864701432 | ||
| 040 |
_aEG-ScBUE _beng _erda _cEG-ScBUE _dEG-ScBUE |
||
| 082 | 0 | 4 |
_a728 _bCRA _222 |
| 100 | 1 |
_aCrafti, Stephen, _eauthor. |
|
| 245 | 1 | 0 |
_aOut of the square : _bunique contemporary residences / _cStephen Crafti. |
| 264 | 1 |
_aMulgrave, Victoria : _bImages Publishing, _c2006. |
|
| 300 |
_a157 pages : _billustrations (chiefly color), plans ; _c27 cm |
||
| 336 |
_2rdacontent _atext _btxt |
||
| 337 |
_2rdamedia _aunmediated _bn |
||
| 338 |
_2rdacarrier _avolume _bnc |
||
| 500 | _aIncludes index. | ||
| 650 | 7 |
_aArchitecture, Domestic _xPictorial works. _2BUEsh |
|
| 650 | 7 |
_aArchitecture, Domestic _xDesigns and plans. _2BUEsh |
|
| 653 | _bENGARC | ||
| 655 | _vReading book | ||
| 942 |
_cBB _2ddc |
||
| 999 |
_c8587 _d8587 |
||